000 04064nam0a2200457 4500
001 RU\NLR\BIBL_A\012742241
005 20220707161356.0
010 _a978-5-88006-758-9
010 _a978-5-907266-69-8
_bотд. кн.
_9500
021 _aRU
_bКН-П-21-089067
_9КН-П-21-7097
035 _a(NLR Aleph) 012742241
035 _a(RuMoRGB)010926211
090 _a13006124
_c13006124
100 _a20220328d2021 k y0rusy50 ca
101 0 _arus
_agrc
102 _aRU
105 _aa z 100zy
181 0 _ai3
_baxxe
182 0 _an
200 1 _aФеофановские чтения
_eсборник научных статей
_fМинистерство образования и науки Российской Федерации, Федеральное государственное бюджетное образовательное учреждение высшего образования "Рязанский государственный университет имени С. А. Есенина", Рязанская митрополия, Скопинская епархия, Успенский Вышенский монастырь
203 _aТекст
_bвизуальный
_cнепосредственный
210 _aРязань
_cФедеральное государственное бюджетное образовательное учреждение высшего образования "Рязанский государственный университет имени С. А. Есенина"
_d2021
215 _a235 с.
_cтабл.
_d21
225 1 _aБиблиотека Вышенской пустыни
309 _aНа тит. с. и обл.: Вып. 14
320 _aБиблиогр. в подстроч. примеч.
327 1 _aВ прил. опубл. избр. доклады, прозвучавшие 25 января 2021 г. в рамках XXIX Международных Рождественских образовательных чтений на Всероссийской научно-практической конференции молодых богословов по исследованию наследия святителя Феофана, Затворника Вышенского, а также доклады, прозвучавшие 16 июня 2021 г. на научной конференции "Жизнь и труды святителя Феофана Затворника в истории и современности"
600 0 _aФеофан Затворник
_cГоворов, Георгий Васильевич, епископ
_f1815 - 1894
_jСъезды, совещания и т.п
_92098517
_3RU\NLR\AUTH\661269456
606 1 _aБогословие православное
_jСъезды, совещания и т.п
_yРоссия
_91149792
_3RU\NLR\AUTH\66140535
686 2 _aЭ372.24-4я431
686 2 _aЭ372.24-352-028я431
710 1 2 _aФеофановские чтения
_d14
_eМосква
_f2020
_9798936
_3RU\NLR\AUTH\880566019
711 1 2 _aВсероссийская научно-практическая конференция молодых богословов по исследованию наследия святителя Феофана, Затворника Вышенского
_eМосква
_f2021
_9798939
_3RU\NLR\AUTH\880566021
711 1 2 _a"Жизнь и труды святителя Феофана Затворника в истории и современности", научная конференция
_eМосква
_f2021
_9798928
_3RU\NLR\AUTH\880566015
942 _cBOOK
980 _aNB